000 00299nam a22001337a 4500
008 180905b xxu||||| |||| 00| 0 eng d
020 _a9780321571632
041 _aeng
080 _a541
100 _a12
101 _aKIM
245 _aGeneral Chemistry Atoms First
_cFay .m
942 _2udc
_cBK
999 _c47533
_d47533